00438nam a22001697a 4500003000900000005001700009040002800026041001300054044000700067100001600074245004400090250001200134260005000146300003300196650002700229650001200256AR-RoUNA20241114165131.0 aAR-RoUNAbspadAR-RoUNA aspahspa aag1 aArtigas, J.1 aProyectos de Interiores / c J. Artigas a1a. ed. aBarcelona :b V. Casellas Moncanut, c [1910] a40 p.:bgráficosc17x25 cm4 aDiseño de interiores4 aLaminas